No growth : impacts on metropolitan areas /

Bibliographic Details
Main Author: Rust, Edgar
Format: Book
Language:English
Published: Lexington, Mass. : Lexington Books, [1975]
Subjects:

MARC

Tag First Indicator Second Indicator Subfields
LEADER 00000pam a2200000 i 4500
001 in00000489213
005 20151013053020.0
008 750626s1975 maua b 00110 eng
010 |a  75005193  
020 |a 0669997056 
035 |a (OCoLC)01529181 
035 |9 ACB7790AM 
040 |a DLC  |c DLC  |d TXA  |d UtOrBLW 
043 |a n-us--- 
049 |a TXAM  |c [1472308] 
050 0 0 |a HT167  |b .R87 
082 0 |a 309.2/62/0973 
100 1 |a Rust, Edgar. 
245 1 0 |a No growth :  |b impacts on metropolitan areas /  |c Edgar Rust. 
264 1 |a Lexington, Mass. :  |b Lexington Books,  |c [1975] 
300 |a xviii, 241 pages :  |b illustrations ;  |c 24 cm. 
336 |a text  |b txt  |2 rdacontent 
337 |a unmediated  |b n  |2 rdamedia 
338 |a volume  |b nc  |2 rdacarrier 
500 |a Includes index. 
504 |a Bibliography: pages 223-235. 
650 0 |a City planning  |z United States. 
650 0 |a Metropolitan areas  |z United States. 
650 0 |a Cities and towns  |x Growth. 
999 |a MARS 
999 f f |s 46bef235-0ea6-3cd6-a830-cb49b78c8382  |i 55dba415-6d0b-39e6-8aea-d25930914fb4  |t 0 
952 f f |p ric  |a Texas A&M University  |b Rellis Campus  |c Joint Library Facility  |d Remote Storage  |t 0  |e HT167 .R87  |h Library of Congress classification  |i unmediated -- volume  |m A14802996068 
998 f f |a HT167 .R87  |t 0  |l Remote Storage